000
00459nam a2200169Ia 4500
008
090123s9999 xx 000 0 und d
082
_b
8238
_a
891.463/रोहेक
100
_a
रोहेकर ह.ना.
245
_a
हिंदोल
250
_a
1
300
_a
136
600
_a
रोहेकर ह.ना.
630
_a
हिंदोल
700
_a
रोहेकर ह.ना.
730
_a
हिंदोल
942
_c
BOOK
999
_c
46304
_d
46304